|
|
|
|
| LEADER |
01195nam a2200325 a 4500 |
| 001 |
33442 |
| 003 |
BD-DhAAL |
| 005 |
20211116164559.0 |
| 008 |
180718t1996 nyuab b 001 0 eng |
| 999 |
|
|
|c 39540
|d 39540
|
| 010 |
|
|
|a 96005552
|
| 020 |
|
|
|a 0810926830 (pbk.)
|
| 020 |
|
|
|a 9780810926837
|
| 040 |
|
|
|a DLC
|c DLC
|d DLC
|d BD-DhAAL
|
| 050 |
0 |
0 |
|a NA2543.W65
|b S48 1996
|
| 082 |
0 |
0 |
|a 720.82
|2 20
|
| 245 |
0 |
4 |
|a The sex of architecture /
|c edited by Diana Agrest, Patricia Conway and Leslie Kanes Weisman.
|
| 260 |
|
|
|a New York :
|b Harry N. Abrams,
|c c1996
|
| 300 |
|
|
|a 320 pages :
|b illustrations, maps ;
|c 23 cm.
|
| 504 |
|
|
|a Includes bibliographical references and index.
|
| 526 |
|
|
|a ARC
|
| 541 |
|
|
|a Trim education
|e 33442
|
| 650 |
|
0 |
|a Architecture and women.
|9 27502
|
| 650 |
|
0 |
|a Architecture.
|9 42758
|
| 700 |
1 |
|
|a Agrest, Diana
|9 27503
|
| 700 |
1 |
|
|a Conway, Patricia
|9 27504
|
| 700 |
1 |
|
|a Weisman, Leslie
|9 27505
|
| 852 |
|
|
|a Ayesha Abed Library
|c General Stacks
|
| 942 |
|
|
|2 ddc
|c BK
|
| 952 |
|
|
|0 0
|1 0
|2 ddc
|4 0
|6 720_820000000000000_THE
|7 0
|9 63663
|a BRACUL
|b BRACUL
|c GEN
|d 2018-07-10
|e Trim Education
|g 4975.00
|l 4
|m 24
|o 720.82 THE
|p 3010033442
|r 2024-02-06
|s 2023-10-03
|t 1
|v 4975.00
|w 2018-07-10
|y BK
|